000
00309nam a22001217a 4500
008
170529b xxu||||| |||| 00| 0 eng d
041
_a
eng
080
_a
0130442496
_b
621
100
_a
27
101
_a
IM
245
_a
APPLEAD DIGITAL CONTROL THEORY DESIGN IMPLEMENTATION
_c
LEIGH.J.R
942
_2
udc
_c
BK
999
_c
14823
_d
14823